<?xml version="1.0" encoding="UTF-8"?>
<marc:record xmlns:marc="http://www.loc.gov/MARC21/slim">
   <marc:leader>00000nam a2200000 a 4500</marc:leader>
   <marc:datafield ind1="1" ind2=" " tag="100">
      <marc:subfield code="a">Vertlib, Vladimir</marc:subfield>
      <marc:subfield code="4">aut</marc:subfield>
      <marc:subfield code="e">Verfasser/-in</marc:subfield>
   </marc:datafield>
   <marc:datafield ind1="0" ind2="0" tag="245">
      <marc:subfield code="a">Zebra im Krieg</marc:subfield>
   </marc:datafield>
   <marc:datafield ind1="0" ind2="0" tag="245">
      <marc:subfield code="b">Roman : nach einer wahren Begebenheit</marc:subfield>
   </marc:datafield>
   <marc:datafield ind1="0" ind2="0" tag="245">
      <marc:subfield code="c">Vladimir Vertlib</marc:subfield>
   </marc:datafield>
   <marc:datafield ind1=" " ind2="1" tag="264">
      <marc:subfield code="a">Salzburg</marc:subfield>
      <marc:subfield code="b">Residenz Verlag</marc:subfield>
      <marc:subfield code="c">2022</marc:subfield>
   </marc:datafield>
   <marc:datafield ind1="1" ind2=" " tag="520">
      <marc:subfield code="a">Troll und Menschenfreund. (DR) Paul lebt mit seiner Familie kurz nach der Corona-Epidemie in »Sodom und Gomorrha«, einer osteuropäischen Stadt im Bürgerkrieg. Es gibt Tote und Verletzte, Bombeneinschläge, Desinformation, Verfolgung, Mobs, Lebensmittelknappheit, Stromausfälle, Denunziation, Opportunisten und absurde Maßnahmen wie die plötzliche Einführung der Todesstrafe und der Sommerzeit, und die Stadt ist voller (Raub)Tiere. Zu seinem Pech hat Paul Beschimpfungen des momentan siegreichen Oberrebellen gepostet, er wird verhaftet und per Internetvideo gedemütigt, ist geächtet. Einmal möchte er das Richtige (wieder gut) machen, hilft seinen jüdischen Nachbarn, gerät aber dann erst recht in die Zwickmühle, diesmal durch das ursprüngliche Regime. Alles endet in Unsicherheit. Vertlib verquickt zu viele Themen: Virtuelle Feindschaft und realen Hass, postsowjetische und neurechte Rhetorik, Antisemitismus, politische Analyse und Satire, Familienleben, Bibelmetaphorik, soziale Medien; trotzdem ist das Ganze eine zwar abgemilderte, aber unheilvolle Vorausschau auf die derzeitigen Zustände in der Ukraine. Die Menschheit lernt nicht. - Drastische, aber lauwarme Tragikomödie mit schematischen Figuren.</marc:subfield>
   </marc:datafield>
   <marc:datafield ind1=" " ind2=" " tag="020">
      <marc:subfield code="a">9783701717521</marc:subfield>
      <marc:subfield code="9">9783701717521</marc:subfield>
   </marc:datafield>
   <marc:datafield ind1=" " ind2=" " tag="020">
      <marc:subfield code="a">3701717524</marc:subfield>
      <marc:subfield code="9">3701717524</marc:subfield>
   </marc:datafield>
   <marc:datafield ind1=" " ind2=" " tag="300">
      <marc:subfield code="a">286 Seiten</marc:subfield>
   </marc:datafield>
</marc:record>
